Televizní technika : Početní a laboratorní cvičení

Salvato in:
Dettagli Bibliografici
Autori principali: Říčný, Václav (Autore), Habán, Jaromír (Autore)
Natura: Libro
Lingua:ceco
Pubblicazione: Brno : Vysoké učení technické v Brně, 1986
Edizione:3. vyd.
Tags: Aggiungi Tag
Nessun Tag, puoi essere il primo ad aggiungerne!!

MARC

LEADER 00000nam a22000003a 4500
001 stu25593
005 20150617225743.5
008 980518s1986------------------------cze-d
040 |a STU  |b slo 
041 0 |a cze 
100 1 |a Říčný, Václav  |4 aut 
245 1 |a Televizní technika :  |b Početní a laboratorní cvičení 
250 |a 3. vyd. 
260 |a Brno :  |b Vysoké učení technické v Brně,  |c 1986 
300 |a 201 s 
700 1 |a Habán, Jaromír  |4 aut 
996 |b 284ES16723  |c E*S-26815  |l EE01  |s A  |a 24  |w stu25593_0001 
996 |b 284ES15483  |c E*S-26817  |l EE01  |s A  |a 24  |w stu25593_0003